01715nam a22001217a 4500008004100000100003900041245007200080260005600152300003300208520122700241650006901468773005601537240118b ||||| |||| 00| 0 eng d aYoung, Sarah L. and Tanner, James aCitizen participation matters. bureaucratic discretion matters more aPublic Administration: An International Quarterly  a101(3), Sep, 2023: p.747-771 aNew Public Governance theory increases citizen participation and expands bureaucrats' roles in the work of government. Citizen participation creates new mechanisms for citizens to influence the policy process. Bureaucrats' expanded roles allow for broader bureaucratic discretion over policy implementation. When citizens' and bureaucrats' views on public management decisions collide, whose views prevail? Do citizen volunteers or bureaucrats have greater influence over public decisions? We answer this question by studying the U.S. Department of Energy's initiative to engage citizens in environmental clean-up decisions. We assess 10 years of meeting records and administrative decisions using a three-step, mixed-method analysis to identify, weigh, and test the influence of citizen participation and bureaucratic discretion. The results indicate that while citizen participation matters, bureaucratic discretion has a more significant influence over administrative decision-making. The findings expose holes in New Public Governance theory, which has implications for democracy and demands deeper thought into structuring citizen participation.- Reproduced https://onlinelibrary.wiley.com/doi/10.1111/padm.12867  aNew Public Governance, Citizen participation , Public Governance aPublic Administration: An International Quarterly